000
00309nam a2200121Ia 4500
008
190902s9999||||xx |||||||||||||| ||und||
020
_a
007-124421-2
100
_a
Mona Clark
245
0
_a
Interpersonal Skills for Hospitality Management
260
_a
London
_b
Prentice Hall
_c
1996
300
_a
210
942
_c
BK
999
_c
2862
_d
2862